000 00252nam a2200085Ia 4500
008 220204s9999 xx 000 0 und d
082 _a339.1:633.82
_bREP
245 0 _aReport of the spices trade delegation to the middle east continent and U K
942 _cBK
999 _c22340
_d22340